Music Quiz

Random Music or Rock Quiz

Linkin Park Albums Quiz Stats

 Plays Quiz Updated Jul 20, 2017

Support Sporcle.
Go Orange.
Score 0/7 Timer 03:00
0 Plays Today
Year Album % Correct
2000Hybrid Theory
93.9%
2003Meteora
92%
2007Minutes to Midnight
75.8%
2017One More Light
68.5%
2010A Thousand Suns
65.8%
2014The Hunting Party
62.5%
2012Living Things
60.6%

You're not logged in!

Compare scores with friends on all Sporcle quizzes.
OR
Log In

From the Vault

European Union Without the UK

by ZYX

Didn't we see something about this in the news...?
Remove Ads.
Support Sporcle.
Get the best of Sporcle when you Go Orange. This ad-free experience offers more features, more stats, and more fun while also helping to support Sporcle. Thank you for becoming a member.

Show Comments

Extras

Top Quizzes Today


Score Distribution

Your Account Isn't Verified!

In order to create a playlist on Sporcle, you need to verify the email address you used during registration. Go to your Sporcle Settings to finish the process.

Report this User

Report this user for behavior that violates our Community Guidelines.

Details: